Statistics for Secrets - The Weeknd Lyrics

Click here to take the quiz!

General Stats

  • This quiz has been taken 70 times
  • The average score is 177 of 208

Answer Stats

HintAnswer% Correct
I
100%
that
100%
the
100%
you
100%
You
100%
hear
97%
secrets
97%
When
97%
when
97%
in
95%
In
95%
keep
92%
keep,
92%
2xlove
92%
My
92%
talk,
92%
your
92%
a
90%
sleep
90%
to
90%
want
90%
talkin'
87%
talkin',
87%
And
85%
me
85%
you're
85%
Every
82%
every
82%
be
79%
here
79%
it
79%
know
79%
not
79%
too
79%
wants
79%
Everybody
77%
eyes
77%
one
74%
2xguys
72%
Those
72%
told
72%
'bout
69%
time
69%
worry
69%
all
67%
can
67%
I'm
67%
It's
67%
2xbehind
64%
close
64%
left
64%
only
64%
see
64%
hide
62%
lie
62%
lie,
62%
tell
62%
can't
59%
heart
59%
lust
59%
we're
59%
what
56%
divided
54%
from
54%
lies
54%
lies,
54%
ask
51%
catch
51%
mine
51%
'em
49%
Wipe
46%
desires
44%
realize,
31%

Score Distribution

Percentile by Number Answered

Percent of People with Each Score

Your Score History

You have not taken this quiz